<?xml version="1.0" encoding="UTF-8"?>
<marc:record xmlns:marc="http://www.loc.gov/MARC21/slim">
   <marc:leader>00000nam a2200000 a 4500</marc:leader>
   <marc:datafield ind1="1" ind2=" " tag="100">
      <marc:subfield code="a">Napp, Daniel</marc:subfield>
      <marc:subfield code="4">aut</marc:subfield>
      <marc:subfield code="e">Verfasser/-in</marc:subfield>
   </marc:datafield>
   <marc:datafield ind1=" " ind2=" " tag="653">
      <marc:subfield code="a">Tonies-Hörfigur-Hörbuch</marc:subfield>
   </marc:datafield>
   <marc:datafield ind1="0" ind2="0" tag="245">
      <marc:subfield code="a">Dr. Brumm steckt fest / Dr. Brumm geht baden</marc:subfield>
   </marc:datafield>
   <marc:datafield ind1="0" ind2="0" tag="245">
      <marc:subfield code="b">Tonies-Hörfigur - Hörbuch mit Liedern</marc:subfield>
   </marc:datafield>
   <marc:datafield ind1="0" ind2="0" tag="245">
      <marc:subfield code="c">Napp, Daniel</marc:subfield>
   </marc:datafield>
   <marc:datafield ind1=" " ind2="1" tag="264">
      <marc:subfield code="a">Düsseldorf</marc:subfield>
      <marc:subfield code="b">Boxine GmbH</marc:subfield>
      <marc:subfield code="c">2022</marc:subfield>
   </marc:datafield>
   <marc:datafield ind1="1" ind2=" " tag="490">
      <marc:subfield code="a">Dr. Brumm</marc:subfield>
   </marc:datafield>
   <marc:datafield ind1="1" ind2=" " tag="520">
      <marc:subfield code="a">Das Herz am rechten Fleck, den Honigtopf immer im Blick – bärenstarke Geschichten!&#xD;
&#xD;
„Dr. Brumm steckt fest“, und zwar mit seinem Freund Pottwal im Goldfischglas! Von der ganzen Zappelei wird ihm richtig schwindelig und er tritt in die Gießkanne. Aufgeregt blubbert Pottwal viele hilfreiche Tipps und Dr. Brumm landet im Milchtopf, dann im Wäschekorb und bald rauscht er sogar den Fluss hinunter!&#xD;
&#xD;
In „Dr. Brumm geht baden“ bleibt Dr. Brumm aus Angst vor dem Zornickel lieber an Land. Doch als Pottwal von der Wasseroberfläche verschwindet, springt Dr. Brumm mutig ins dunkle, tiefe Nass.&#xD;
&#xD;
Kann er seinen Freund retten?&#xD;
&#xD;
Titelliste:&#xD;
01 - Dr. Brumm steckt fest 1&#xD;
02 - Dr. Brumm steckt fest 2&#xD;
03 - Ein Tag mit Dr. Brumm&#xD;
04 - Dr. Brumm geht baden 1&#xD;
05 - Dr. Brumm geht baden 2&#xD;
06 - Frage-Antwort-Spiel&#xD;
07 - Dr. Brumm-Song&#xD;
&#xD;
Hörbuch mit Liedern&#xD;
Ab 3 Jahre</marc:subfield>
   </marc:datafield>
   <marc:datafield ind1=" " ind2=" " tag="041">
      <marc:subfield code="a">ger</marc:subfield>
   </marc:datafield>
   <marc:datafield ind1=" " ind2=" " tag="338">
      <marc:subfield code="a">Nicht spezifiziert</marc:subfield>
   </marc:datafield>
   <marc:datafield ind1=" " ind2=" " tag="300">
      <marc:subfield code="a">box mit booklet</marc:subfield>
   </marc:datafield>
</marc:record>
